[Event "Gora Sw Anny op 11th"]
[Site "Gora Sw Anny"]
[Date "2018.01.22"]
[Round "8"]
[White "Majocha, Piotr"]
[Black "Siembab, Bartosz"]
[Result "1/2-1/2"]
[WhiteElo "1930"]
[BlackElo "2234"]
[PlyCount "81"]
[EventDate "2018.01.16"]
[EventType "swiss"]
[EventRounds "10"]
[EventCountry "POL"]
[SourceTitle "CBM 182 Extra"]
[Source "ChessBase"]
[SourceDate "2018.02.23"]
[SourceVersion "1"]
[SourceVersionDate "2018.02.23"]
[SourceQuality "1"]

1. Nf3 Nf6 2. c4 c6 3. g3 d5 4. Bg2 e6 5. 0-0 Be7 6. Qc2 0-0 7. d3 c5 8. cxd5 exd5 9. Bg5 Nc6 10. Nc3 Be6 11. a3 Rc8 12. Bxf6 Bxf6 13. Rab1 Nd4 14. Qd1 a6 15. Nxd4 cxd4 16. Na2 Qd6 17. Qd2 Rfe8 18. Rbc1 Rcd8 19. Bf3 h6 20. Qb4 Qd7 21. Qb6 Be5 22. Rc2 g5 23. Nc1 Qe7 24. Nb3 Qf6 25. Nc5 Bc8 26. Qb3 b6 27. Na4 b5 28. Nc5 Qd6 29. a4 bxa4 30. Nxa4 g4 31. Bg2 Bd7 32. Nc5 Bc8 33. Na4 h5 34. Rfc1 Bd7 35. Nc5 Bc8 36. Nb7 Qb8 37. Na5 Qxb3 38. Nxb3 Be6 39. Nc5 Ra8 40. Ra1 Rec8 41. b4 1/2-1/2

[Event "Gora Sw Anny op 11th"]
[Site "Gora Sw Anny"]
[Date "2018.01.19"]
[Round "5"]
[White "Siembab, Bartosz"]
[Black "Karykowska, Anna"]
[Result "1/2-1/2"]
[WhiteElo "2234"]
[BlackElo "1933"]
[PlyCount "83"]
[EventDate "2018.01.16"]
[EventType "swiss"]
[EventRounds "10"]
[EventCountry "POL"]
[SourceTitle "CBM 182 Extra"]
[Source "ChessBase"]
[SourceDate "2018.02.23"]
[SourceVersion "1"]
[SourceVersionDate "2018.02.23"]
[SourceQuality "1"]

1. d4 d5 2. c4 c6 3. Nc3 dxc4 4. a4 Nf6 5. e4 e6 6. Bxc4 Bb4 7. e5 Nd5 8. Bd2 Nb6 9. Bd3 Qxd4 10. Qe2 Nd5 11. Nf3 Qb6 12. 0-0 Be7 13. h4 h6 14. h5 Na6 15. a5 Qd8 16. Rfd1 Nab4 17. Bc4 Bd7 18. Ne4 Qc7 19. Bc3 0-0 20. g3 b5 21. Bb3 c5 22. Nh2 c4 23. Bc2 Nxc2 24. Qxc2 Nxc3 25. bxc3 Bc6 26. Ng4 Bxe4 27. Qxe4 Rad8 28. a6 Qb6 29. Qf3 Rxd1+ 30. Rxd1 Qxa6 31. Nf6+ Bxf6 32. exf6 e5 33. fxg7 Kxg7 34. Qg4+ Kh8 35. Qe4 Qe6 36. Qb7 a6 37. Rd7 Kg7 38. Re7 Qd6 39. Rd7 Qe6 40. Re7 Qd6 41. Rd7 Qe6 42. Re7 1/2-1/2

[Event "Gora Sw Anny op 11th"]
[Site "Gora Sw Anny"]
[Date "2018.01.17"]
[Round "2"]
[White "Siembab, Bartosz"]
[Black "Fiszer, Bartosz"]
[Result "1-0"]
[WhiteElo "2234"]
[BlackElo "1999"]
[PlyCount "125"]
[EventDate "2018.01.16"]
[EventType "swiss"]
[EventRounds "10"]
[EventCountry "POL"]
[SourceTitle "CBM 182 Extra"]
[Source "ChessBase"]
[SourceDate "2018.02.23"]
[SourceVersion "1"]
[SourceVersionDate "2018.02.23"]
[SourceQuality "1"]

1. d4 Nf6 2. c4 g6 3. Nc3 Bg7 4. e4 d6 5. f4 0-0 6. Nf3 Bg4 7. Bd3 e5 8. d5 Nbd7 9. h3 Bxf3 10. Qxf3 Nh5 11. f5 Qh4+ 12. Kd1 Nc5 13. g4 Nf4 14. Bf1 a5 15. Be3 gxf5 16. gxf5 Qh5 17. Qxh5 Nxh5 18. Rg1 Kh8 19. Be2 Nf4 20. Bxc5 dxc5 21. Bg4 h5 22. Bf3 Bf6 23. Kc2 Rg8 24. Nb5 Rac8 25. Kb3 Bh4 26. Rxg8+ Kxg8 27. Ka4 Kf8 28. Rd1 Ke7 29. d6+ cxd6 30. Rxd6 Rc6 31. Rd1 Bf2 32. Na7 Rc7 33. Kxa5 Bd4 34. Kb6 Kd8 35. b3 f6 36. a4 Rd7 37. Nb5 Kc8 38. a5 Kb8 39. Nxd4 cxd4 40. c5 Rg7 41. b4 Nxh3 42. b5 Nf2 43. Rd2 Ng4 44. c6 Ne3 45. Kc5 bxc6 46. b6 Rg1 47. Kxc6 Nc4 48. Ra2 Rc1 49. a6 Rb1 50. b7 Ka7 51. Be2 Rb6+ 52. Kd7 Nb2 53. Ra5 d3 54. Bxh5 Rb4 55. Kc6 Rb6+ 56. Kc7 Rb4 57. Rc5 Na4 58. Rc6 d2 59. Rxf6 Nc5 60. Rc6 Nxe4 61. f6 Ng5 62. Kc8 Ne4 63. f7 1-0

[Event "POL-chT3 Dolnoslaskie 1314"]
[Site "Poland"]
[Date "2014.01.19"]
[Round "7.1"]
[White "Cukrowski, Filip"]
[Black "Siembab, Bartosz"]
[Result "1-0"]
[WhiteElo "2233"]
[BlackElo "2257"]
[PlyCount "65"]
[EventDate "2013.10.20"]
[EventType "team-tourn"]
[EventRounds "11"]
[EventCountry "POL"]
[SourceTitle "EXT 2018"]
[Source "ChessBase"]
[SourceDate "2017.10.13"]
[SourceVersion "1"]
[SourceVersionDate "2017.10.13"]
[SourceQuality "1"]
[WhiteTeam "Wolow WKSz"]
[BlackTeam "Radkow Giecek"]
[WhiteTeamCountry "POL"]
[BlackTeamCountry "POL"]

1. e4 d6 2. d4 Nf6 3. Nc3 g6 4. f4 Bg7 5. Nf3 0-0 6. Bd3 Na6 7. 0-0 c5 8. d5 Nc7 9. Qe2 Rb8 10. a4 b6 11. Nb5 a6 12. Nxc7 Qxc7 13. c4 e5 14. fxe5 dxe5 15. Kh1 Bg4 16. Be3 Ne8 17. a5 bxa5 18. Qf2 Rc8 19. Qd2 Bxf3 20. gxf3 f5 21. Rxa5 fxe4 22. Rxc5 Qd7 23. Rxc8 Qxc8 24. fxe4 Nf6 25. c5 Qh3 26. d6 Ng4 27. Bc4+ Kh8 28. Rxf8+ Bxf8 29. Bg1 Nf6 30. Qf2 Kg7 31. Bxa6 Nxe4 32. Qg2 Qh4 33. Bd3 1-0

[Event "CZE-chT2D 1314"]
[Site "Czech Republic"]
[Date "2014.01.05"]
[Round "5.3"]
[White "Jedlicka, Lubos"]
[Black "Siembab, Bartosz"]
[Result "1-0"]
[WhiteElo "2182"]
[BlackElo "2257"]
[PlyCount "117"]
[EventDate "2013.11.03"]
[EventType "team-tourn"]
[EventRounds "11"]
[EventCountry "CZE"]
[SourceTitle "EXT 2016"]
[Source "ChessBase"]
[SourceDate "2015.10.08"]
[SourceVersion "1"]
[SourceVersionDate "2015.10.08"]
[SourceQuality "1"]
[WhiteTeam "Lipa"]
[BlackTeam "Rychnov nad Kneznou"]
[WhiteTeamCountry "CZE"]
[BlackTeamCountry "CZE"]

1. c4 c6 2. g3 d5 3. Nf3 Nf6 4. Bg2 g6 5. b3 Bg7 6. Bb2 0-0 7. 0-0 Na6 8. d3 dxc4 9. bxc4 Qa5 10. Nbd2 Qh5 11. Rb1 Nc5 12. Nb3 Nxb3 13. Qxb3 Nd7 14. Bxg7 Kxg7 15. Rfe1 a5 16. d4 Re8 17. Nd2 a4 18. Qc3 Nf6 19. d5 cxd5 20. cxd5 Bh3 21. Bxh3 Qxh3 22. Rxb7 Rac8 23. Qb2 Kg8 24. d6 Qe6 25. dxe7 Rxe7 26. Nf3 a3 27. Qb3 Qxb3 28. Rxb3 Rc2 29. Rxa3 Rexe2 30. Ra8+ Kg7 31. Rxe2 Rxe2 32. Kf1 Rb2 33. Ra4 Nd5 34. a3 Ra2 35. Ra7 Kf6 36. Ra6+ Kf5 37. Ra5 Ke4 38. Ng5+ Kd4 39. Nxf7 Nc3 40. Ng5 h6 41. Nf3+ Kc4 42. Ne5+ Kd4 43. Nxg6 Nd1 44. Rf5 Rxa3 45. Rf8 Ra1 46. Kg2 Nc3 47. Rd8+ Ke4 48. g4 Ne2 49. f3+ Ke3 50. Re8+ Kd2 51. Kf2 Nd4 52. f4 Ra2 53. f5 Kd3+ 54. Kg3 Ne2+ 55. Rxe2 Kxe2 56. f6 Ra3+ 57. Kf4 Rf3+ 58. Ke5 Re3+ 59. Kd6 1-0

[Event "POL-chT3 Dolnoslaskie 1314"]
[Site "Poland"]
[Date "2013.11.17"]
[Round "3.1"]
[White "Dzieczkaniec, Piotr"]
[Black "Siembab, Bartosz"]
[Result "1/2-1/2"]
[WhiteElo "1915"]
[BlackElo "2257"]
[PlyCount "92"]
[EventDate "2013.10.20"]
[EventType "team-tourn"]
[EventRounds "11"]
[EventCountry "POL"]
[SourceTitle "EXT 2018"]
[Source "ChessBase"]
[SourceDate "2017.10.13"]
[SourceVersion "1"]
[SourceVersionDate "2017.10.13"]
[SourceQuality "1"]
[WhiteTeam "Polanica Zdroj KSz"]
[BlackTeam "Radkow Giecek"]
[WhiteTeamCountry "POL"]
[BlackTeamCountry "POL"]

1. e4 c5 2. Nf3 d6 3. d4 cxd4 4. Qxd4 Nc6 5. Bb5 Bd7 6. Bxc6 Bxc6 7. 0-0 Nf6 8. Re1 e6 9. c4 Be7 10. Nc3 0-0 11. Bg5 a6 12. Rad1 Qc7 13. b3 Rfd8 14. h3 Rac8 15. Qe3 Qa5 16. Nd5 Bxd5 17. exd5 e5 18. a4 h6 19. Bh4 Qb4 20. Nd2 Nxd5 21. cxd5 Bxh4 22. Qe4 Qxe4 23. Rxe4 Be7 24. Rb4 Rc7 25. Nc4 f5 26. g3 Kf7 27. Kg2 Bf6 28. Rb6 Ke7 29. h4 g6 30. h5 gxh5 31. Ne3 Rcd7 32. Nxf5+ Kf7 33. Rh1 Kg6 34. Nh4+ Bxh4 35. Rxh4 Rc8 36. Rhb4 Rc5 37. Rxb7 Rxb7 38. Rxb7 Rxd5 39. Rb6 a5 40. Rb5 Rd3 41. Rxa5 Rxb3 42. Rd5 Rb6 43. a5 Ra6 44. Rb5 Kf6 45. Rb6 Rxa5 46. Rxd6+ Kg5 1/2-1/2

[Event "Olomouc op 16th"]
[Site "Olomouc"]
[Date "2013.08.03"]
[Round "3"]
[White "Kriebel, Tadeas"]
[Black "Siembab, Bartosz"]
[Result "1/2-1/2"]
[WhiteElo "2351"]
[BlackElo "2223"]
[PlyCount "63"]
[EventDate "2013.08.01"]
[EventType "swiss"]
[EventRounds "9"]
[EventCountry "CZE"]
[SourceTitle "CBM 155 Extra"]
[Source "ChessBase"]
[SourceDate "2013.08.26"]
[SourceVersion "1"]
[SourceVersionDate "2013.08.26"]
[SourceQuality "1"]

1. e4 d6 2. d4 Nf6 3. Nc3 e5 4. Nf3 Nbd7 5. Bc4 Be7 6. 0-0 0-0 7. Re1 a6 8. a4 b6 9. h3 Bb7 10. Ba2 b5 11. b4 bxa4 12. Ba3 a5 13. b5 c6 14. bxc6 Bxc6 15. d5 Bb7 16. Rb1 Ba6 17. Nb5 Bxb5 18. Rxb5 Rb8 19. Qd3 Qc7 20. Reb1 Rxb5 21. Rxb5 Rb8 22. Rxb8+ Qxb8 23. Qc4 Nb6 24. Qc6 Nxe4 25. Nxe5 Bf6 26. f3 Bxe5 27. fxe4 g6 28. Bc1 Bd4+ 29. Kh2 Be5+ 30. Kg1 Bd4+ 31. Kh2 Be5+ 32. Kg1 1/2-1/2

[Event "Karpacz op"]
[Site "Karpacz"]
[Date "2013.07.28"]
[Round "7"]
[White "Dwilewicz, Agata"]
[Black "Siembab, Bartosz"]
[Result "0-1"]
[WhiteElo "1502"]
[BlackElo "2258"]
[PlyCount "72"]
[EventDate "2013.07.22"]
[EventType "swiss"]
[EventRounds "9"]
[EventCountry "POL"]
[SourceTitle "EXT 2014"]
[Source "ChessBase"]
[SourceDate "2013.11.20"]
[SourceVersion "1"]
[SourceVersionDate "2013.11.20"]
[SourceQuality "1"]

1. e4 c5 2. Nf3 d6 3. d4 cxd4 4. Nxd4 Nf6 5. Nc3 a6 6. f3 e6 7. Be3 Be7 8. Qd2 0-0 9. 0-0-0 b5 10. g4 Bb7 11. g5 Nfd7 12. h4 b4 13. Nce2 d5 14. Bg2 Ne5 15. Ng3 Nc4 16. Qe2 Bc5 17. f4 Qb6 18. Bg1 Nc6 19. Nxc6 Bxc6 20. f5 Bxg1 21. Rhxg1 Bb5 22. Qf3 dxe4 23. Nxe4 exf5 24. Ng3 g6 25. h5 Rac8 26. Kb1 Ne3 27. Rc1 Nxc2 28. Rh1 Nd4 29. Qd5 Rcd8 30. Qc5 Bd3+ 31. Ka1 Qxc5 32. Rxc5 Nc2+ 33. Rxc2 Bxc2 34. Bf3 Rd3 35. Rf1 Rfd8 36. hxg6 Rxf3 0-1

[Event "Kowalewo Pomorskie op"]
[Site "Kowalewo Pomorskie"]
[Date "2013.07.16"]
[Round "9"]
[White "Siembab, Bartosz"]
[Black "Jaroch, Karol"]
[Result "1-0"]
[WhiteElo "2258"]
[BlackElo "2241"]
[PlyCount "73"]
[EventDate "2013.07.10"]
[EventType "swiss"]
[EventRounds "9"]
[EventCountry "POL"]
[SourceTitle "CBM 155 Extra"]
[Source "ChessBase"]
[SourceDate "2013.08.26"]
[SourceVersion "1"]
[SourceVersionDate "2013.08.26"]
[SourceQuality "1"]

1. c4 e6 2. Nf3 d5 3. g3 Nf6 4. Bg2 Be7 5. 0-0 0-0 6. cxd5 exd5 7. d4 c6 8. Nc3 Bf5 9. Bf4 Nbd7 10. Ne5 Nxe5 11. dxe5 Nd7 12. e4 dxe4 13. Nxe4 Nc5 14. Nd6 Bd3 15. Re1 Ba6 16. Qg4 Bxd6 17. Bh6 Ne6 18. exd6 Qf6 19. Be3 Rfd8 20. Rad1 Rd7 21. h4 Qg6 22. Qb4 Qc2 23. Rc1 Qg6 24. Bh3 Rad8 25. Red1 Be2 26. Rd2 Bf3 27. Bxa7 Ra8 28. Bb6 Rxa2 29. Qb3 Ra6 30. Bc7 Bg4 31. Bxg4 Qxg4 32. Qxb7 Ra4 33. Qxc6 Nf4 34. Re1 h5 35. b3 Ra3 36. Re8+ Kh7 37. Qe4+ 1-0

[Event "Kowalewo Pomorskie op"]
[Site "Kowalewo Pomorskie"]
[Date "2013.07.13"]
[Round "5"]
[White "Siembab, Bartosz"]
[Black "Sliwicki, Damian"]
[Result "1-0"]
[WhiteElo "2258"]
[BlackElo "2027"]
[PlyCount "55"]
[EventDate "2013.07.10"]
[EventType "swiss"]
[EventRounds "9"]
[EventCountry "POL"]
[SourceTitle "CBM 155 Extra"]
[Source "ChessBase"]
[SourceDate "2013.08.26"]
[SourceVersion "1"]
[SourceVersionDate "2013.08.26"]
[SourceQuality "1"]

1. d4 d5 2. c4 e6 3. Nc3 c6 4. e4 dxe4 5. Nxe4 Bb4+ 6. Bd2 Qxd4 7. Bxb4 Qxe4+ 8. Be2 Na6 9. Bd6 Qxg2 10. Bf3 Qg5 11. Ne2 Ne7 12. Rg1 Qa5+ 13. Nc3 Nf5 14. Qd2 Nxd6 15. Qxd6 Qc5 16. Qg3 Nb4 17. 0-0-0 Bd7 18. a3 a5 19. Qxg7 Rf8 20. axb4 axb4 21. Ne4 Qxc4+ 22. Kd2 Qb3 23. Qf6 Bc8 24. Ke1 Qxd1+ 25. Bxd1 Ra5 26. Rg5 b5 27. Nd6+ Kd7 28. Nxf7 1-0

[Event "Wroclaw op-A 8th"]
[Site "Wroclaw"]
[Date "2013.07.08"]
[Round "8"]
[White "Siembab, Bartosz"]
[Black "Balinski, Damian"]
[Result "1-0"]
[WhiteElo "2258"]
[BlackElo "2121"]
[PlyCount "227"]
[EventDate "2013.07.01"]
[EventType "swiss"]
[EventRounds "9"]
[EventCountry "POL"]
[SourceTitle "CBM 155 Extra"]
[Source "ChessBase"]
[SourceDate "2013.08.26"]
[SourceVersion "1"]
[SourceVersionDate "2013.08.26"]
[SourceQuality "1"]

1. e4 d5 2. Nc3 d4 3. Nce2 e5 4. d3 c5 5. f4 Nc6 6. Nf3 Bg4 7. Ng3 Bd6 8. f5 h5 9. Be2 h4 10. Nf1 Bxf3 11. Bxf3 Qc7 12. Nd2 0-0-0 13. 0-0 Nge7 14. Nc4 Rdg8 15. Bd2 f6 16. Kh1 Kb8 17. a4 g6 18. Bg4 gxf5 19. Bxf5 Ng6 20. Qf3 Nf4 21. Bxf4 exf4 22. Nxd6 Qxd6 23. Qxf4 Ne5 24. Bh3 Rg6 25. b3 a5 26. Rf2 b6 27. Raf1 Kc7 28. Qd2 Kd8 29. Rf5 Ke7 30. R1f4 Rh7 31. Kg1 Rh8 32. Qf2 Rgh6 33. Kf1 R8h7 34. Ke1 Rh8 35. Kd1 R8h7 36. Qd2 Rg6 37. Rf2 Rh8 38. Kc1 Rh7 39. Kb2 Rh8 40. Qd1 c4 41. Ka2 b5 42. axb5 cxb3+ 43. cxb3 a4 44. bxa4 Ra8 45. Rb2 Kf8 46. b6 Rg7 47. b7 Rb8 48. Rxe5 Qxe5 49. Bc8 Rc7 50. Qd2 Kg7 51. Qb4 Qxh2 52. Qxd4 Qg3 53. Rf2 Qg5 54. Qb6 Qe5 55. d4 Qe7 56. e5 fxe5 57. Rb2 Rbxc8 58. bxc8Q Rxc8 59. d5 Rd8 60. Rb5 Rd6 61. Qe3 Qc7 62. Qxe5+ Kf7 63. Qe4 Kg7 64. Rb4 Rg6 65. Qd4+ Kg8 66. Rb2 Qd6 67. Qe4 Rg3 68. Qe8+ Qf8 69. Qe6+ Qf7 70. Rb8+ Kg7 71. Qe5+ Kg6 72. Rb6+ Kh7 73. Qe4+ Kg8 74. Rb2 Kg7 75. Qe5+ Kh7 76. a5 Qa7 77. Qf5+ Kg7 78. d6 Qf7+ 79. Qxf7+ Kxf7 80. Rd2 Ke8 81. a6 Kd7 82. a7 Rg8 83. Kb3 Ra8 84. Ra2 Kxd6 85. Kc4 Kc6 86. Kd4 Kb7 87. Ke4 Re8+ 88. Kf4 Ka8 89. Kg4 Re4+ 90. Kf5 Rb4 91. Kg5 Rc4 92. Rf2 Kxa7 93. Rf4 Rc2 94. Rg4 Kb7 95. Kxh4 Kc7 96. Kh3 Kd7 97. Re4 Rc3+ 98. Kh4 Rc1 99. g3 Rh1+ 100. Kg5 Rg1 101. g4 Rf1 102. Kg6 Rg1 103. g5 Rf1 104. Kg7 Rg1 105. g6 Rg2 106. Kf7 Rf2+ 107. Kg8 Rg2 108. g7 Rh2 109. Kf7 Rf2+ 110. Kg6 Rg2+ 111. Kf6 Rg1 112. Re5 Kd6 113. Rg5 Rf1+ 114. Kg6 1-0

[Event "Wroclaw op-A 8th"]
[Site "Wroclaw"]
[Date "2013.07.05"]
[Round "5"]
[White "Siembab, Bartosz"]
[Black "Golek, Jagoda"]
[Result "1-0"]
[WhiteElo "2258"]
[BlackElo "2049"]
[PlyCount "53"]
[EventDate "2013.07.01"]
[EventType "swiss"]
[EventRounds "9"]
[EventCountry "POL"]
[SourceTitle "CBM 155 Extra"]
[Source "ChessBase"]
[SourceDate "2013.08.26"]
[SourceVersion "1"]
[SourceVersionDate "2013.08.26"]
[SourceQuality "1"]

1. e4 c5 2. Nf3 e6 3. b4 cxb4 4. d4 d6 5. Bd3 Qc7 6. 0-0 Nd7 7. a3 bxa3 8. Nxa3 Be7 9. Bf4 Qb8 10. e5 a6 11. Qd2 dxe5 12. Nxe5 Bd6 13. Nac4 Bc7 14. Qb4 Ndf6 15. Nb6 Bd6 16. Qa4+ Ke7 17. Nxa8 Qxa8 18. c4 Nh6 19. c5 Bb8 20. c6 Bd6 21. Bg5 Rd8 22. Rfc1 Kf8 23. c7 Re8 24. Bxf6 gxf6 25. Nd7+ Ke7 26. Nb6 Qa7 27. Qxe8+ 1-0

[Event "Wroclaw op-A 8th"]
[Site "Wroclaw"]
[Date "2013.07.04"]
[Round "4"]
[White "Sliwicki, Damian"]
[Black "Siembab, Bartosz"]
[Result "1/2-1/2"]
[WhiteElo "2027"]
[BlackElo "2258"]
[PlyCount "32"]
[EventDate "2013.07.01"]
[EventType "swiss"]
[EventRounds "9"]
[EventCountry "POL"]
[SourceTitle "CBM 155 Extra"]
[Source "ChessBase"]
[SourceDate "2013.08.26"]
[SourceVersion "1"]
[SourceVersionDate "2013.08.26"]
[SourceQuality "1"]

1. e4 e6 2. d4 d5 3. exd5 exd5 4. Bd3 Bd6 5. Nc3 c6 6. Qf3 Qh4 7. Nge2 Bg4 8. Qe3+ Ne7 9. Qg5 Qxg5 10. Bxg5 f6 11. Bf4 Bxf4 12. Nxf4 Kf7 13. h3 Bf5 14. 0-0-0 Bxd3 15. Rxd3 Nd7 16. Re1 Rae8 1/2-1/2

[Event "Wroclaw op-A 8th"]
[Site "Wroclaw"]
[Date "2013.07.02"]
[Round "2"]
[White "Siembab, Bartosz"]
[Black "Dadello, Aleksandra"]
[Result "1/2-1/2"]
[WhiteElo "2258"]
[BlackElo "1843"]
[PlyCount "52"]
[EventDate "2013.07.01"]
[EventType "swiss"]
[EventRounds "9"]
[EventCountry "POL"]
[SourceTitle "CBM 155 Extra"]
[Source "ChessBase"]
[SourceDate "2013.08.26"]
[SourceVersion "1"]
[SourceVersionDate "2013.08.26"]
[SourceQuality "1"]

1. e4 e5 2. f4 d5 3. exd5 exf4 4. d4 Qh4+ 5. Kd2 Nf6 6. Qe2+ Be7 7. Nf3 Qh5 8. c4 Bf5 9. Nc3 Nbd7 10. Kd1 g5 11. h3 Kd8 12. c5 Re8 13. Qf2 Ne4 14. Nxe4 Bxe4 15. Be2 Qg6 16. Bc4 Qf5 17. Re1 Bxd5 18. Qe2 c6 19. Bd3 Qf6 20. Qf2 h6 21. Bd2 Kc7 22. Kc2 Qg7 23. Bc3 Bf6 24. Bf5 Qf8 25. Ba5+ b6 26. Bb4 Qh8 1/2-1/2

[Event "Wroclaw Anderssen Memorial op-B 22nd"]
[Site "Wroclaw"]
[Date "2013.06.30"]
[Round "5"]
[White "Siembab, Bartosz"]
[Black "Tworzydlo, Piotr"]
[Result "1-0"]
[WhiteElo "2262"]
[BlackElo "2153"]
[PlyCount "53"]
[EventDate "2013.06.30"]
[EventType "swiss"]
[EventRounds "7"]
[EventCountry "POL"]
[SourceTitle "EXT 2014"]
[Source "ChessBase"]
[SourceDate "2013.11.20"]
[SourceVersion "1"]
[SourceVersionDate "2013.11.20"]
[SourceQuality "1"]

1. e4 c5 2. Nf3 d6 3. d4 cxd4 4. Nxd4 Nf6 5. Nc3 a6 6. Be3 Ng4 7. Bg5 h6 8. Bh4 g5 9. Bg3 Bg7 10. Be2 h5 11. h4 gxh4 12. Bxh4 Nc6 13. Nf5 Bxf5 14. exf5 Qa5 15. Qd2 Qxf5 16. Nd5 0-0-0 17. 0-0 Nf6 18. c4 Kb8 19. Rad1 Rhg8 20. Qe3 Ng4 21. Qb6 Rd7 22. b4 Be5 23. f4 Bd4+ 24. Rxd4 Nxd4 25. Qxd4 Nf6 26. Bxf6 exf6 27. Nxf6 1-0

[Event "Ogolnopolski-ch 55th"]
[Site "Zamosc"]
[Date "2013.??.??"]
[Round "9.33"]
[White "Siembab, Bartosz"]
[Black "Kuban, Wieslaw"]
[Result "1-0"]
[WhiteElo "2262"]
[BlackElo "1791"]
[PlyCount "27"]
[EventDate "2013.06.07"]
[EventType "swiss"]
[EventRounds "9"]
[EventCountry "POL"]
[SourceTitle "EXT 2014"]
[Source "ChessBase"]
[SourceDate "2013.11.20"]
[SourceVersion "1"]
[SourceVersionDate "2013.11.20"]
[SourceQuality "1"]

1. e4 e5 2. Nf3 Nc6 3. Bb5 Nf6 4. d3 d6 5. 0-0 Be7 6. c3 0-0 7. Nbd2 Bg4 8. Re1 Nd7 9. h3 Bh5 10. Nf1 f5 11. exf5 Bh4 12. g4 Be8 13. Ng3 g6 14. Bh6 1-0